Database System Concepts/ (Record no. 186670)
[ view plain ]
| 000 -LEADER | |
|---|---|
| fixed length control field | 00708nam a22002177a 4500 |
| 005 - DATE AND TIME OF LATEST TRANSACTION | |
| control field | 20220311103631.0 |
| 010 ## - LCCN (DPL NO) | |
| LC control number | ENG-131951 |
| 020 ## - INTERNATIONAL STANDARD BOOK NUMBER | |
| International Standard Book Number | 9789390727506 |
| Terms of availability | 1025.00 |
| 035 ## - SYSTEM CONTROL NUMBER | |
| System control number | EN-115483 |
| 037 ## - SOURCE OF ACQUISITION | |
| Source of stock number/acquisition | DBAD |
| 082 ## - DEWEY DECIMAL CLASSIFICATION NUMBER | |
| Classification number | 005.74 |
| 100 ## - MAIN ENTRY--PERSONAL NAME | |
| Personal name | Silberschatz, Abraham |
| 245 ## - TITLE STATEMENT | |
| Title | Database System Concepts/ |
| Statement of responsibility, etc | Abraham Silberschatz, Henry F. Korth and S. Sudarshan |
| 250 ## - EDITION STATEMENT | |
| Edition statement | Seventh Edition |
| 260 ## - PUBLICATION, DISTRIBUTION, ETC. (IMPRINT) | |
| Place of publication, distribution, etc | Chennai |
| Name of publisher, distributor, etc | McGraw Hill Education Private Limited |
| Date of publication, distribution, etc | 2021 |
| 270 ## - ADDRESS | |
| Address | Anjana Complex, No. 5/90A, Butt Road, St. Thomas Mount |
| City | Chennai |
| Postal code | 600016 |
| 300 ## - PHYSICAL DESCRIPTION | |
| Extent | xxviii, 1344p. |
| Dimensions | 24cm(pbk) |
| 700 ## - ADDED ENTRY--PERSONAL NAME | |
| Personal name | Korth, Henry F. |
| 700 ## - ADDED ENTRY--PERSONAL NAME | |
| Personal name | Sudarshan, S. |
| 942 ## - ADDED ENTRY ELEMENTS (KOHA) | |
| Source of classification or shelving scheme | Dewey Decimal Classification |
| Item type | English Books |
| Classification part | 005.74 |
| Call number suffix | SIL |
| Withdrawn status | Lost status | Not for loan | Collection code | Home library | Current library | Date acquired | Source of acquisition | Cost, normal purchase price | Full call number | Barcode | Copy number | Cost, replacement price | Koha item type |
|---|---|---|---|---|---|---|---|---|---|---|---|---|---|
| Non-fiction | Bawana | Bawana | 11/03/2022 | DBAD/PUB | 1025.00 | 005.74 SIL | EN-115483 | 1 | 1025.00 | English Books |
